[Event "10th Vidmar Memorial"]
[Site "Portoroz/Rogaska Slatina SLO"]
[Date "1993.06.??"]
[Round "1.1"]
[White "Skembris, Spyridon"]
[Black "Mohr, Georg"]
[Result "0-1"]
[WhiteElo "2545"]
[BlackElo "2435"]
[EventDate "1993.06.11"]
[PlyCount "116"]

1.d4 Nf6 2.c4 e5 3.dxe5 Ng4 4.e3 Nxe5 5.Nh3 Bb4+ 6.Bd2 Bxd2+ 7.Qxd2 d6 8.
Nf4 O-O 9.Be2 Nbd7 10.Nc3 a5 11.O-O Nc5 12.b3 Bf5 13.f3 f6 14.Rad1 Re8 15.
Rfe1 Nf7 16.Bf1 c6 17.e4 Be6 18.Qf2 Qe7 19.Ncd5 Qd8 20.Nc3 Qe7 21.Qg3 Kh8 
22.Ncd5 Qd8 23.Nxe6 Nxe6 24.Ne3 g6 25.Qf2 Nc5 26.Qb2 Qe7 27.Ng4 Ne5 28.Nf2
g5 29.Rd2 h5 30.Red1 Rad8 31.Qc3 b6 32.Qe3 Kg7 33.a3 a4 34.bxa4 Nxa4 35.
Rb1 Ra8 36.h4 Nf7 37.Nh1 Qe5 38.hxg5 fxg5 39.Rf2 h4 40.Rd2 Qc5 41.Rd4 Qa5 
42.Nf2 Nc5 43.Ng4 Qxa3 44.Rxb6 Rec8 45.Rd2 Qxe3+ 46.Nxe3 Kf6 47.Kf2 Rab8 
48.Rxb8 Rxb8 49.Nf5 Ke5 50.g3 hxg3+ 51.Kxg3 Rb3 52.Kg4 Kf6 53.Be2 Nxe4 54.
Rd4 Ne5+ 55.Kh5 Kxf5 56.Rxe4 Rb8 57.Kh6 Kf6 58.Kh7 Nf7 0-1

[Event "10th Vidmar Memorial"]
[Site "Portoroz/Rogaska Slatina SLO"]
[Date "1993.06.??"]
[Round "1.2"]
[White "Gostisa, Leon"]
[Black "Grosar, Aljosa"]
[Result "1-0"]
[WhiteElo "2470"]
[BlackElo "2480"]
[EventDate "1993.06.11"]
[PlyCount "125"]

1.d4 Nf6 2.Nf3 e6 3.c4 b6 4.Nc3 Bb7 5.Bg5 h6 6.Bh4 Be7 7.Qc2 c5 8.dxc5 
bxc5 9.e3 O-O 10.Be2 d6 11.O-O Qb6 12.Rad1 Rd8 13.Rd2 Nc6 14.Rfd1 Ne8 15.
Bg3 Rab8 16.Ne1 Na5 17.h3 Ba6 18.b3 Nc6 19.Na4 Qa5 20.Bf3 Bb7 21.Qc3 Rbc8 
22.Qxa5 Nxa5 23.Nc3 Bxf3 24.Nxf3 a6 25.Ne1 Nb7 26.Nc2 Nf6 27.e4 Nh5 28.Bh2
Bg5 29.Rd3 Nf4 30.Bxf4 Bxf4 31.Ne2 Bg5 32.f4 Be7 33.Kf2 Na5 34.Ng1 Nc6 35.
Nf3 Kf8 36.g4 g5 37.e5 dxe5 38.fxe5 Rxd3 39.Rxd3 Rd8 40.Ke3 f5 41.exf6 
Rxd3+ 42.Kxd3 Bxf6 43.Nd2 Ne5+ 44.Ke3 Nd7 45.Ne4 Be7 46.Ne1 Kf7 47.Nd3 Kg6
48.Kd2 h5 49.Kc3 hxg4 50.hxg4 Bf6+ 51.Kc2 Bd4 52.b4 cxb4 53.Kb3 Nf6 54.
Nxf6 Kxf6 55.Kxb4 Bg1 56.c5 e5 57.c6 Ke6 58.Nxe5 Kd6 59.Ka5 Bd4 60.Kxa6 
Bxe5 61.Kb7 Kc5 62.c7 Bxc7 63.Kxc7 1-0

[Event "10th Vidmar Memorial"]
[Site "Portoroz/Rogaska Slatina SLO"]
[Date "1993.06.??"]
[Round "1.3"]
[White "Sokolov, Ivan"]
[Black "Farago, Ivan"]
[Result "1-0"]
[WhiteElo "2640"]
[BlackElo "2510"]
[EventDate "1993.06.11"]
[PlyCount "99"]

1.d4 e6 2.e4 d5 3.Nc3 Bb4 4.e5 Ne7 5.Bd2 b6 6.Qg4 Ng6 7.h4 h5 8.Qg3 Ba6 9.
Bxa6 Nxa6 10.Nf3 Be7 11.Bg5 Nb4 12.O-O-O Nc6 13.Ne2 Qd7 14.Kb1 O-O-O 15.
Rh3 Kb7 16.Bd2 Rdg8 17.Ng5 Bd8 18.f4 Rf8 19.Qd3 Nge7 20.Ng3 g6 21.Nf3 Nf5 
22.Nxf5 exf5 23.c4 Be7 24.Rc1 Rd8 25.c5 bxc5 26.dxc5 Rb8 27.Ka1 Ka8 28.
Rhh1 Rhd8 29.Rhd1 d4 30.Rc4 Qd5 31.Re1 Qe6 32.b4 Qc8 33.Nxd4 Rxd4 34.Rxd4 
Nxd4 35.Qxd4 Qd8 36.Qxd8 Rxd8 37.Bc3 Bxh4 38.Re3 Bf2 39.Rf3 Bd4 40.Kb2 Kb7
41.Rd3 Bxc3+ 42.Kxc3 Rg8 43.b5 g5 44.a4 gxf4 45.Rd7 f3 46.gxf3 h4 47.Rxf7 
Rh8 48.e6 h3 49.a5 h2 50.c6+ {Hansen,Cu} 1-0

[Event "10th Vidmar Memorial"]
[Site "Portoroz/Rogaska Slatina SLO"]
[Date "1993.06.??"]
[Round "1.4"]
[White "Nikolic, Predrag"]
[Black "Hulak, Krunoslav"]
[Result "1/2-1/2"]
[WhiteElo "2630"]
[BlackElo "2535"]
[EventDate "1993.06.11"]
[PlyCount "64"]

1.d4 Nf6 2.c4 g6 3.g3 c6 4.Bg2 d5 5.cxd5 cxd5 6.Nc3 Bg7 7.e3 Nc6 8.Nge2 e6
9.O-O O-O 10.b3 Re8 11.Ba3 b6 12.Rc1 Bb7 13.Nf4 Rc8 14.Qe2 Nb8 15.Rfd1 Ba6
16.Qe1 Rc7 17.Bf1 Bxf1 18.Qxf1 Bf8 19.Bxf8 Kxf8 20.Nb5 Rb7 21.Nd3 a6 22.
Nc3 Qd6 23.Na4 h5 24.Rc2 Nfd7 25.Qe1 Nc6 26.Rdc1 Ndb8 27.h4 Kg8 28.Kg2 Kh7
29.Nc3 Ne7 30.Ne2 Nbc6 31.Nef4 Kg7 32.a3 a5 1/2-1/2

[Event "10th Vidmar Memorial"]
[Site "Portoroz/Rogaska Slatina SLO"]
[Date "1993.06.??"]
[Round "1.5"]
[White "Sermek, Drazen"]
[Black "Mihaljcisin, Adrijan"]
[Result "1/2-1/2"]
[WhiteElo "2495"]
[BlackElo "2520"]
[EventDate "1993.06.11"]
[PlyCount "36"]

1.e4 e5 2.Nf3 Nc6 3.d4 exd4 4.c3 Nf6 5.e5 Nd5 6.Bc4 Nb6 7.Bb3 d6 8.O-O Be7
9.exd6 Qxd6 10.Nxd4 Nxd4 11.cxd4 Be6 12.Bxe6 Qxe6 13.Re1 Qd7 14.Qe2 Nd5 
15.Nc3 Nxc3 16.bxc3 O-O 17.Rb1 b6 18.Bf4 Bd6 1/2-1/2

[Event "10th Vidmar Memorial"]
[Site "Portoroz/Rogaska Slatina SLO"]
[Date "1993.06.??"]
[Round "1.6"]
[White "Kozul, Zdenko"]
[Black "Gabriel, Christian"]
[Result "0-1"]
[WhiteElo "2595"]
[BlackElo "2510"]
[EventDate "1993.06.11"]
[PlyCount "94"]

1.d4 d5 2.c4 c6 3.e3 Nf6 4.Nc3 e6 5.Nf3 Nbd7 6.a3 Bd6 7.Bd3 O-O 8.O-O e5 
9.cxd5 cxd5 10.Nb5 Bb8 11.Nxe5 Nxe5 12.dxe5 Bxe5 13.f4 Bb8 14.Nd4 Re8 15.
Qe1 a6 16.b4 Qe7 17.Qh4 Bd7 18.Kh1 Ne4 19.Qh5 Nf6 20.Qh4 Ne4 21.Qe1 Nf6 
22.Rf3 Bg4 23.Rf1 Ba7 24.Qh4 Bxd4 25.exd4 Be2 26.Re1 Bxd3 27.Rxe7 Rxe7 28.
f5 Re4 29.Bf4 Rae8 30.h3 Rxd4 31.Qf2 Rde4 32.Bg5 Re2 33.Qf3 Ne4 34.Bh4 Bc4
35.f6 Re6 36.Rc1 g5 37.Qh5 h6 38.Rf1 Nxf6 39.Qxh6 Ne4 40.Qh5 Rg6 41.Rxf7 
Kxf7 42.Qh7+ Kf6 43.Qh8+ Kf5 44.Qc8+ Ke5 45.Qe8+ Re6 46.Qh8+ Rf6 47.Qh5 
Kd4 0-1

[Event "10th Vidmar Memorial"]
[Site "Portoroz/Rogaska Slatina SLO"]
[Date "1993.06.??"]
[Round "2.1"]
[White "Mohr, Georg"]
[Black "Gabriel, Christian"]
[Result "1/2-1/2"]
[WhiteElo "2435"]
[BlackElo "2510"]
[EventDate "1993.06.11"]
[PlyCount "44"]

1.Nf3 d5 2.c4 e6 3.g3 dxc4 4.Qa4+ Nd7 5.Bg2 a6 6.Qxc4 b5 7.Qc2 Bb7 8.O-O 
Ngf6 9.a4 c5 10.Nc3 Qb6 11.d3 Be7 12.axb5 axb5 13.Rxa8+ Bxa8 14.Qb3 b4 15.
Nb1 Bd5 16.Qd1 c4 17.e4 Bb7 18.e5 Bxf3 19.Qxf3 Nxe5 20.Qa8+ Qd8 21.Qa4+ 
Qd7 22.Qa8+ Qd8 1/2-1/2

[Event "10th Vidmar Memorial"]
[Site "Portoroz/Rogaska Slatina SLO"]
[Date "1993.06.??"]
[Round "2.2"]
[White "Mihaljcisin, Adrijan"]
[Black "Kozul, Zdenko"]
[Result "0-1"]
[WhiteElo "2520"]
[BlackElo "2595"]
[EventDate "1993.06.11"]
[PlyCount "68"]

1.Nf3 Nf6 2.c4 g6 3.g3 Bg7 4.Bg2 d5 5.cxd5 Nxd5 6.d4 Nb6 7.Nc3 Nc6 8.e3 
O-O 9.O-O Re8 10.Ne1 e5 11.d5 Na5 12.Nc2 e4 13.Nxe4 Nxd5 14.Nd4 Nc4 15.b3 
Ne5 16.Bb2 Qe7 17.Qd2 Rd8 18.Rac1 Nb4 19.f4 Ng4 20.h3 Nh6 21.a3 Nd5 22.
Rfe1 Bxh3 23.Bxh3 Qxe4 24.Bg2 Qe7 25.e4 Nb6 26.b4 a5 27.Red1 axb4 28.axb4 
c6 29.Bf3 Na4 30.Ba1 c5 31.bxc5 Nxc5 32.Qb4 Ra4 33.Qxc5 Qxc5 34.Rxc5 Rxa1 
0-1

[Event "10th Vidmar Memorial"]
[Site "Portoroz/Rogaska Slatina SLO"]
[Date "1993.06.??"]
[Round "2.3"]
[White "Hulak, Krunoslav"]
[Black "Sermek, Drazen"]
[Result "1/2-1/2"]
[WhiteElo "2535"]
[BlackElo "2495"]
[EventDate "1993.06.11"]
[PlyCount "71"]

1.d4 Nf6 2.c4 c5 3.d5 b5 4.cxb5 a6 5.bxa6 g6 6.g3 Bxa6 7.Bg2 d6 8.Nc3 Bg7 
9.Nf3 Nbd7 10.O-O Nb6 11.Re1 O-O 12.Bf4 Nc4 13.Qc1 Qa5 14.Nd2 Nb6 15.Qc2 
c4 16.e4 Nfd7 17.Nf3 Nc5 18.Be3 Nd3 19.Reb1 Nxb2 20.Nd4 N2a4 21.Nxa4 Qxa4 
22.Qc3 Nd7 23.Rb4 Qa5 24.a4 Nc5 25.Qa3 Nd3 26.Rbb1 Qc7 27.a5 Rfb8 28.Bf1 
Nc5 29.Rb6 Bxd4 30.Bxd4 Nb3 31.Rd1 Nxd4 32.Rxd4 Bb5 33.Qb2 Rxb6 34.axb6 
Qxb6 35.Rxc4 Qa5 36.Rc1 1/2-1/2

[Event "10th Vidmar Memorial"]
[Site "Portoroz/Rogaska Slatina SLO"]
[Date "1993.06.??"]
[Round "2.6"]
[White "Skembris, Spyridon"]
[Black "Gostisa, Leon"]
[Result "1/2-1/2"]
[WhiteElo "2545"]
[BlackElo "2470"]
[EventDate "1993.06.11"]
[PlyCount "89"]

1.d4 Nf6 2.Nf3 e6 3.c4 Bb4+ 4.Bd2 c5 5.g3 O-O 6.Bg2 Nc6 7.O-O d6 8.Bxb4 
cxb4 9.a3 Re8 10.axb4 Nxb4 11.Qb3 a5 12.Rd1 Bd7 13.Nc3 Qc7 14.Rac1 Rac8 
15.Na2 Nxa2 16.Qxa2 b6 17.Qa3 h6 18.h3 e5 19.e3 Bc6 20.b4 axb4 21.Qxb4 Be4
22.Nh4 Bxg2 23.Kxg2 exd4 24.Rxd4 d5 25.Nf5 Re5 26.Nd6 Rb8 27.c5 bxc5 28.
Rxc5 Qd8 29.Rb5 Rxb5 30.Nxb5 Re4 31.Nc3 Rxd4 32.Qxd4 Qd7 33.g4 Qe6 34.f3 
Qa6 35.h4 Qa1 36.Qd2 Qa5 37.Qd4 Qa1 38.Qd2 Qa5 39.g5 hxg5 40.hxg5 d4 41.
exd4 Nd5 42.Ne4 Qxd2+ 43.Nxd2 Nf4+ 44.Kg3 Ne2+ 45.Kg4 1/2-1/2

[Event "10th Vidmar Memorial"]
[Site "Portoroz/Rogaska Slatina SLO"]
[Date "1993.06.??"]
[Round "3.1"]
[White "Gostisa, Leon"]
[Black "Mohr, Georg"]
[Result "1-0"]
[WhiteElo "2470"]
[BlackElo "2435"]
[EventDate "1993.06.11"]
[PlyCount "81"]

1.d4 Nc6 2.Nf3 d5 3.Bf4 Bf5 4.e3 e6 5.Be2 Bd6 6.Bg3 Nge7 7.O-O Bxg3 8.hxg3
Qd6 9.c4 Bxb1 10.Rxb1 O-O 11.cxd5 exd5 12.Rc1 Nd8 13.Bd3 c6 14.Qc2 h6 15.
Ne5 Qe6 16.g4 Re8 17.b4 f6 18.Bh7+ Kh8 19.Ng6+ Nxg6 20.Bxg6 Re7 21.Qe2 a6 
22.a4 b5 23.Qf3 Kg8 24.Ra1 Raa7 25.Qf4 Qd7 26.Rfc1 Qc7 27.g3 Qxf4 28.gxf4 
Reb7 29.e4 Kf8 30.exd5 cxd5 31.Rc8 Rd7 32.axb5 Ke7 33.bxa6 Rd6 34.Re1+ Re6
35.Rxe6+ Nxe6 36.b5 Kd7 37.Rg8 Kc7 38.Bf5 Nxf4 39.Rxg7+ Kb6 40.Rxa7 Kxa7 
41.Kf1 1-0

[Event "10th Vidmar Memorial"]
[Site "Portoroz/Rogaska Slatina SLO"]
[Date "1993.06.??"]
[Round "3.3"]
[White "Nikolic, Predrag"]
[Black "Grosar, Aljosa"]
[Result "1-0"]
[WhiteElo "2630"]
[BlackElo "2480"]
[EventDate "1993.06.11"]
[PlyCount "81"]

1.d4 Nf6 2.c4 e6 3.g3 Bb4+ 4.Bd2 c5 5.Bxb4 cxb4 6.Bg2 O-O 7.Nf3 d6 8.O-O 
Qc7 9.Qb3 a5 10.a3 Na6 11.axb4 Nxb4 12.Nc3 Bd7 13.e4 e5 14.Rfd1 b6 15.Rd2 
Rac8 16.Qd1 Bg4 17.b3 Nc6 18.Nb5 Qe7 19.h3 Bxf3 20.Qxf3 Na7 21.Nc3 Nc6 22.
Ne2 Rfe8 23.Qe3 Qc7 24.f4 Rb8 25.Kh2 b5 26.fxe5 dxe5 27.d5 Nd4 28.Nxd4 
exd4 29.Qxd4 bxc4 30.bxc4 Rb4 31.Rc1 h5 32.d6 Qb8 33.e5 Nd7 34.Re2 a4 35.
Bd5 a3 36.Rf1 Nf6 37.d7 Rd8 38.exf6 Rxd7 39.fxg7 Rb2 40.Rxb2 axb2 41.Rb1 
1-0

[Event "10th Vidmar Memorial"]
[Site "Portoroz/Rogaska Slatina SLO"]
[Date "1993.06.??"]
[Round "3.4"]
[White "Sermek, Drazen"]
[Black "Farago, Ivan"]
[Result "1/2-1/2"]
[WhiteElo "2495"]
[BlackElo "2510"]
[EventDate "1993.06.11"]
[PlyCount "47"]

1.e4 e6 2.d4 d5 3.Nd2 Nf6 4.Bd3 c5 5.dxc5 dxe4 6.Nxe4 Nxe4 7.Bxe4 Qxd1+ 8.
Kxd1 Bxc5 9.Ke2 O-O 10.Nf3 Nd7 11.Be3 Bxe3 12.Kxe3 Nf6 13.Rhd1 Nxe4 14.
Kxe4 b6 15.Ke3 Bb7 16.Rd4 Rac8 17.Ne1 Rfd8 18.Rad1 Rd5 19.Rxd5 Bxd5 20.a4 
Kf8 21.b3 Ke7 22.g3 Rc3+ 23.Kd4 Rc7 24.Ke3 1/2-1/2

[Event "10th Vidmar Memorial"]
[Site "Portoroz/Rogaska Slatina SLO"]
[Date "1993.06.??"]
[Round "3.5"]
[White "Kozul, Zdenko"]
[Black "Hulak, Krunoslav"]
[Result "1-0"]
[WhiteElo "2595"]
[BlackElo "2535"]
[EventDate "1993.06.11"]
[PlyCount "111"]

1.d4 d5 2.c4 c6 3.Nc3 Nf6 4.e3 e6 5.Nf3 Nbd7 6.Bd3 dxc4 7.Bxc4 b5 8.Bd3 a6
9.e4 c5 10.d5 c4 11.dxe6 cxd3 12.exd7+ Qxd7 13.O-O Bb7 14.e5 Ne4 15.Re1 
Nxc3 16.bxc3 Rc8 17.Re3 Bc5 18.Rxd3 Qg4 19.h3 Qg6 20.Bf4 O-O 21.Nh4 Qe4 
22.Qd2 Qc4 23.Re1 Rfe8 24.Rg3 Qe6 25.Bh6 g6 26.Bg5 Bf8 27.Nf3 Qd5 28.Qe3 
Qxa2 29.Nd4 Rc4 30.Bf6 b4 31.cxb4 Bxb4 32.Rc1 Rxc1+ 33.Qxc1 Rc8 34.Qf4 Bd2
35.Qh4 Qb1+ 36.Kh2 Qe4 37.Qxe4 Bxe4 38.Ra3 a5 39.Ra2 Bb4 40.Nb5 Bd5 41.Ra1
h6 42.h4 Rc5 43.Na7 Kf8 44.Rd1 Ke8 45.Nc6 Kd7 46.Ne7 Ke6 47.h5 g5 48.g4 a4
49.Nf5 Bc3 50.f4 a3 51.fxg5 Bxe5+ 52.Bxe5 Kxe5 53.gxh6 Be4 54.Re1 Kf4 55.
Rxe4+ Kxe4 56.h7 1-0

[Event "10th Vidmar Memorial"]
[Site "Portoroz/Rogaska Slatina SLO"]
[Date "1993.06.??"]
[Round "3.6"]
[White "Gabriel, Christian"]
[Black "Mihaljcisin, Adrijan"]
[Result "1/2-1/2"]
[WhiteElo "2510"]
[BlackElo "2520"]
[EventDate "1993.06.11"]
[PlyCount "83"]

1.c4 Nf6 2.Nc3 e5 3.Nf3 Nc6 4.g3 d5 5.cxd5 Nxd5 6.Bg2 Nb6 7.O-O Be7 8.d3 
O-O 9.Be3 Be6 10.Qc1 Nd5 11.Rd1 Nxe3 12.Qxe3 Bf6 13.Rdc1 Re8 14.Ne4 Bd5 
15.Nxf6+ Qxf6 16.Nd2 Bxg2 17.Kxg2 Rac8 18.Qe4 Qe6 19.Rc5 Nd8 20.Qa4 a6 21.
Rac1 c6 22.Qe4 Qd6 23.Qg4 Rc7 24.Ne4 Qg6 25.Qxg6 hxg6 26.b4 f6 27.a4 Ne6 
28.R5c4 Rd7 29.Nc5 Rde7 30.Rb1 Rd8 31.h4 Nd4 32.Kf1 Kf7 33.e3 Nf5 34.Ke2 
Nd6 35.Rc3 f5 36.Rd1 Ne8 37.Nb3 Nf6 38.Na5 Nd5 39.Rb3 Red7 40.Nc4 Re7 41.
Rc1 Kf6 42.b5 1/2-1/2

[Event "10th Vidmar Memorial"]
[Site "Portoroz/Rogaska Slatina SLO"]
[Date "1993.06.??"]
[Round "4.1"]
[White "Mohr, Georg"]
[Black "Mihaljcisin, Adrijan"]
[Result "0-1"]
[WhiteElo "2435"]
[BlackElo "2520"]
[EventDate "1993.06.11"]
[PlyCount "82"]

1.Nf3 Nf6 2.c4 c5 3.g3 d5 4.cxd5 Nxd5 5.Bg2 Nc6 6.O-O e5 7.Nc3 Be6 8.Ng5 
Qxg5 9.Nxd5 Qd8 10.Ne3 Qd7 11.d3 Be7 12.Bd2 O-O 13.Bc3 f6 14.a3 Rac8 15.a4
b6 16.Nc4 Rfd8 17.Re1 Bf8 18.b3 Nd4 19.Qb1 Kh8 20.Qb2 Qf7 21.Rab1 Qh5 22.
Rbc1 Qf7 23.Rb1 Rc7 24.Rbc1 h5 25.e3 Nc6 26.Qe2 Bg4 27.Bf3 Qe6 28.Rcd1 
Rcd7 29.Bxg4 Qxg4 30.Qxg4 hxg4 31.Nb2 Rb8 32.Kf1 b5 33.axb5 Rxb5 34.Ke2 
Rxb3 35.Kd2 Nb4 36.Ra1 c4 37.Reb1 Nxd3 38.Nxc4 Rxb1 39.Rxb1 Nb2+ 40.Kc2 
Nxc4 41.Rb8 Kg8 0-1

[Event "10th Vidmar Memorial"]
[Site "Portoroz/Rogaska Slatina SLO"]
[Date "1993.06.??"]
[Round "4.2"]
[White "Hulak, Krunoslav"]
[Black "Gabriel, Christian"]
[Result "1-0"]
[WhiteElo "2535"]
[BlackElo "2510"]
[EventDate "1993.06.11"]
[PlyCount "77"]

1.c4 c6 2.e4 d5 3.exd5 cxd5 4.d4 Nf6 5.Nc3 Nc6 6.Nf3 Be6 7.c5 g6 8.Bb5 Bg7
9.Ne5 Qc8 10.Qa4 Bd7 11.Nxd7 Qxd7 12.O-O O-O 13.Rd1 a6 14.Bf1 Qf5 15.h3 
Rfd8 16.Be3 Ne8 17.Rac1 Nc7 18.a3 Qd7 19.Ne2 e5 20.dxe5 Bxe5 21.Nf4 d4 22.
Bd2 Qf5 23.Nd3 Bg7 24.Qb3 Qd7 25.Re1 Ne6 26.Qc4 Qc7 27.b4 Ne7 28.Rxe6 fxe6
29.Nf4 b5 30.cxb6 Qxc4 31.Bxc4 Bh6 32.b7 Rab8 33.Nxe6 Bxd2 34.Nxd8+ Kh8 
35.Nf7+ Kg7 36.Rd1 Bc3 37.Nd6 Nf5 38.Nxf5+ gxf5 39.Bxa6 1-0

[Event "10th Vidmar Memorial"]
[Site "Portoroz/Rogaska Slatina SLO"]
[Date "1993.06.??"]
[Round "4.3"]
[White "Farago, Ivan"]
[Black "Kozul, Zdenko"]
[Result "0-1"]
[WhiteElo "2510"]
[BlackElo "2595"]
[EventDate "1993.06.11"]
[PlyCount "94"]

1.d4 Nf6 2.c4 g6 3.Nc3 Bg7 4.e4 d6 5.Be2 O-O 6.Bg5 Nbd7 7.Qd2 e5 8.d5 a5 
9.Bd1 Nc5 10.Bc2 c6 11.f3 cxd5 12.Nxd5 Be6 13.Ne2 Bxd5 14.cxd5 Qb6 15.Rb1 
Nfd7 16.Be3 Rfc8 17.Nc3 Bf6 18.O-O Bd8 19.Kh1 Qb4 20.Rfc1 a4 21.Nxa4 Qxd2 
22.Bxd2 Nxa4 23.Bxa4 Rxc1+ 24.Rxc1 Rxa4 25.Rc8 Kf8 26.Rxd8+ Ke7 27.Rh8 
Rxa2 28.Bg5+ f6 29.Rxh7+ Ke8 30.Rh8+ Nf8 31.Be3 Ra1+ 32.Bg1 Kf7 33.f4 exf4
34.Rh3 g5 35.Rb3 g4 36.h3 g3 37.Rxb7+ Ke8 38.Rb8+ Ke7 39.Rb7+ Nd7 40.h4 
Ke8 41.Ra7 Rb1 42.Ra8+ Ke7 43.Ra7 Rxb2 44.h5 Rb8 45.Bd4 Rb4 46.Bg1 Rxe4 
47.h6 Re5 0-1

[Event "10th Vidmar Memorial"]
[Site "Portoroz/Rogaska Slatina SLO"]
[Date "1993.06.??"]
[Round "4.4"]
[White "Grosar, Aljosa"]
[Black "Sermek, Drazen"]
[Result "0-1"]
[WhiteElo "2480"]
[BlackElo "2495"]
[EventDate "1993.06.11"]
[PlyCount "96"]

1.e4 e5 2.Nf3 Nc6 3.d4 exd4 4.Nxd4 Bb4+ 5.c3 Be7 6.Bc4 d6 7.Nxc6 bxc6 8.
Qb3 Nf6 9.Bxf7+ Kf8 10.Be6 Nxe4 11.Bxc8 Qxc8 12.O-O d5 13.Nd2 Nc5 14.Qc2 
g6 15.b4 Ne6 16.Bb2 Kg7 17.c4+ d4 18.Qe4 Re8 19.Nf3 c5 20.bxc5 Bf6 21.Qc6 
Rb8 22.Rab1 Nf4 23.h3 Re6 24.Qa4 Qa6 25.Qxa6 Rxa6 26.Bxd4 Rxb1 27.Bxf6+ 
Kxf6 28.Rxb1 Rxa2 29.Nd4 Ra4 30.Rb7 Rxc4 31.Nb5 Rxc5 32.Nxc7 a5 33.Ne8+ 
Ke6 34.Rxh7 Rc8 35.Nc7+ Ke5 36.g3 Ne2+ 37.Kg2 Nc3 38.h4 a4 39.h5 a3 40.
hxg6 a2 41.g7 a1=Q 42.Rh8 Qb2 43.Ne8 Ne4 44.g8=Q Qxf2+ 45.Kh3 Qf5+ 46.Kh4 
Nf6 47.Nxf6 Qxf6+ 48.Kh3 Qxh8+ 0-1

[Event "10th Vidmar Memorial"]
[Site "Portoroz/Rogaska Slatina SLO"]
[Date "1993.06.??"]
[Round "4.6"]
[White "Gostisa, Leon"]
[Black "Sokolov, Ivan"]
[Result "0-1"]
[WhiteElo "2470"]
[BlackElo "2640"]
[EventDate "1993.06.11"]
[PlyCount "208"]

1.d4 Nf6 2.Nf3 g6 3.Bg5 Bg7 4.Nbd2 d5 5.e3 O-O 6.Be2 c5 7.c3 Qb6 8.Qb3 Nc6
9.O-O Be6 10.Bf4 c4 11.Qxb6 axb6 12.Ne5 b5 13.a3 Rfe8 14.Rfe1 Ne4 15.Rad1 
Nxd2 16.Rxd2 Na5 17.Bg3 Nb3 18.Rdd1 Rad8 19.f3 f6 20.Ng4 Bf5 21.e4 Bxg4 
22.fxg4 dxe4 23.a4 Rd5 24.axb5 Rc8 25.b6 Rc6 26.Bc7 e6 27.Ra1 Nxa1 28.Rxa1
e5 29.dxe5 fxe5 30.g5 Rd2 31.Kf2 Bf8 32.Ke3 Rxb2 33.Bg4 Bc5+ 34.Kxe4 Bxb6 
35.Bxe5 Rxg2 36.Bd7 Re2+ 37.Kf4 Bc7 38.Ra8+ Kf7 39.Be8+ Ke6 40.Bxc6 Bxe5+ 
41.Kf3 Rxh2 42.Bxb7 Bxc3 43.Rc8 Rh4 44.Be4 Bd2 45.Rxc4 Bxg5 46.Rc6+ Ke5 
47.Rc5+ Kf6 48.Rc6+ Kg7 49.Rc7+ Kh6 50.Bd5 Rf4+ 51.Kg2 Rf8 52.Rd7 Re8 53.
Kg3 Re5 54.Kf3 Be7 55.Kf4 Re1 56.Be4 Bg5+ 57.Ke5 Rf1 58.Rb7 Bf6+ 59.Ke6 
Bg7 60.Kd5 Rd1+ 61.Kc5 Rd4 62.Bc2 Rd8 63.Bb1 Bf6 64.Rf7 Be5 65.Be4 Bh2 66.
Kc4 Rh8 67.Kd3 Kg5 68.Ke3 Be5 69.Rb7 h5 70.Rb6 Bf6 71.Kf3 Rf8 72.Kg3 Re8 
73.Kf3 h4 74.Rb5+ Be5 75.Rb6 Rf8+ 76.Kg2 Bf6 77.Kh3 Rc8 78.Rb5+ Kh6 79.Rb3
Rc4 80.Bd5 Rd4 81.Bf7 Rd2 82.Ra3 Re2 83.Kg4 Re4+ 84.Kf3 Rd4 85.Re3 g5 86.
Re4 Rd3+ 87.Ke2 Rc3 88.Be6 Kg6 89.Re3 Rc2+ 90.Kf3 Bd4 91.Rb3 Rf2+ 92.Kg4 
Be5 93.Bd7 Rd2 94.Bf5+ Kf6 95.Bc8 Rg2+ 96.Kh5 Bf4 97.Ra3 Ke5 98.Bd7 Kd4 
99.Bh3 Rg3 100.Ra4+ Kc5 101.Bf5 h3 102.Ra2 Rg2 103.Ra3 h2 104.Rh3 Kd4 0-1

[Event "10th Vidmar Memorial"]
[Site "Portoroz/Rogaska Slatina SLO"]
[Date "1993.06.??"]
[Round "5.1"]
[White "Sokolov, Ivan"]
[Black "Mohr, Georg"]
[Result "1-0"]
[WhiteElo "2640"]
[BlackElo "2435"]
[EventDate "1993.06.11"]
[PlyCount "55"]

1.d4 Nf6 2.Nf3 g6 3.c4 Bg7 4.Nc3 O-O 5.e4 d6 6.Be2 Bg4 7.Be3 Nfd7 8.Rc1 e5
9.d5 Bxf3 10.Bxf3 f5 11.h4 Bf6 12.h5 Bg5 13.hxg6 hxg6 14.Bxg5 Qxg5 15.Rh3 
Nc5 16.Ke2 fxe4 17.Nxe4 Nxe4 18.Bxe4 Rf4 19.Qd3 Qg4+ 20.Bf3 e4 21.Rh8+ Kf7
22.Qe3 Qf5 23.Rch1 exf3+ 24.gxf3 Qe5 25.R1h7+ Kf6 26.Rf8+ Kg5 27.Rxf4 Qxf4
28.Qe7+ 1-0

[Event "10th Vidmar Memorial"]
[Site "Portoroz/Rogaska Slatina SLO"]
[Date "1993.06.??"]
[Round "5.2"]
[White "Nikolic, Predrag"]
[Black "Gostisa, Leon"]
[Result "1/2-1/2"]
[WhiteElo "2630"]
[BlackElo "2470"]
[EventDate "1993.06.11"]
[PlyCount "53"]

1.d4 Nf6 2.c4 e6 3.Nf3 Bb4+ 4.Bd2 c5 5.Bxb4 cxb4 6.g3 O-O 7.Bg2 d6 8.O-O 
Re8 9.a3 Nc6 10.d5 exd5 11.cxd5 Ne7 12.axb4 Nexd5 13.b5 Qb6 14.Na3 Bd7 15.
Qd3 a6 16.Nd4 Rac8 17.Rfc1 Rc5 18.Nc4 Qc7 19.Nb3 axb5 20.Nxc5 bxc4 21.Qxc4
Qxc5 22.Qxc5 dxc5 23.Rxc5 Bc6 24.e3 g6 25.Rd1 Nb4 26.Bxc6 Nxc6 27.Kg2 
1/2-1/2

[Event "10th Vidmar Memorial"]
[Site "Portoroz/Rogaska Slatina SLO"]
[Date "1993.06.??"]
[Round "5.3"]
[White "Sermek, Drazen"]
[Black "Skembris, Spyridon"]
[Result "1/2-1/2"]
[WhiteElo "2495"]
[BlackElo "2545"]
[EventDate "1993.06.11"]
[PlyCount "67"]

1.e4 c5 2.c3 d5 3.exd5 Qxd5 4.d4 Nf6 5.Nf3 e6 6.Na3 a6 7.Nc4 Nbd7 8.Be2 
cxd4 9.Qxd4 Bc5 10.Qxd5 Nxd5 11.Nfe5 f6 12.Nd3 b5 13.Nxc5 Nxc5 14.Ne3 Bb7 
15.Nxd5 Bxd5 16.Be3 Na4 17.O-O-O O-O-O 18.f3 Kb7 19.Kc2 Rc8 20.Rd4 Rc6 21.
Kb1 Rhc8 22.Bd3 g6 23.h4 Nb6 24.Bc2 Nc4 25.Bc1 Nd6 26.h5 Nf5 27.Rdd1 b4 
28.hxg6 hxg6 29.Rh7+ R6c7 30.Rxc7+ Rxc7 31.Bf4 Rc4 32.Bd2 bxc3 33.Bxc3 Ne3
34.Rh1 1/2-1/2

[Event "10th Vidmar Memorial"]
[Site "Portoroz/Rogaska Slatina SLO"]
[Date "1993.06.??"]
[Round "5.4"]
[White "Kozul, Zdenko"]
[Black "Grosar, Aljosa"]
[Result "1/2-1/2"]
[WhiteElo "2595"]
[BlackElo "2480"]
[EventDate "1993.06.11"]
[PlyCount "74"]

1.d4 Nf6 2.c4 e6 3.Nf3 b6 4.Nc3 Bb4 5.Qc2 Bb7 6.a3 Bxc3+ 7.Qxc3 Ne4 8.Qd3 
O-O 9.g3 d5 10.cxd5 Bxd5 11.Bh3 c5 12.O-O Nc6 13.Be3 cxd4 14.Nxd4 Ne5 15.
Qd1 Nc4 16.Bc1 Ng5 17.Bg2 Bxg2 18.Kxg2 Qd5+ 19.Nf3 Qxd1 20.Rxd1 Nxf3 21.
Kxf3 Rfd8 22.Re1 Rac8 23.b4 Kf8 24.Ra2 Ke7 25.a4 a6 26.Kg2 f6 27.f3 Rd5 
28.Kf2 Kd7 29.Rc2 Rc6 30.g4 Rd4 31.g5 f5 32.Rg1 g6 33.Rh1 b5 34.axb5 axb5 
35.Ra2 e5 36.h4 Rdd6 37.h5 Ra6 1/2-1/2

[Event "10th Vidmar Memorial"]
[Site "Portoroz/Rogaska Slatina SLO"]
[Date "1993.06.??"]
[Round "5.5"]
[White "Gabriel, Christian"]
[Black "Farago, Ivan"]
[Result "1/2-1/2"]
[WhiteElo "2510"]
[BlackElo "2510"]
[EventDate "1993.06.11"]
[PlyCount "91"]

1.Nf3 Nf6 2.c4 c5 3.Nc3 Nc6 4.g3 d5 5.cxd5 Nxd5 6.Bg2 Nc7 7.a3 g6 8.O-O 
Bg7 9.d3 O-O 10.Bd2 b6 11.Rb1 Bb7 12.Ne4 Rb8 13.b4 c4 14.dxc4 Nxb4 15.axb4
Bxe4 16.Rb3 Ne6 17.Re3 Bb7 18.Ra3 Qc7 19.Qb3 Rfc8 20.Rc1 Bxf3 21.Bxf3 Nd4 
22.Qa2 Nxf3+ 23.Rxf3 Qb7 24.Ra3 Ra8 25.Be3 h5 26.h4 e6 27.Qb3 Bf8 28.Ra2 
Qe4 29.c5 bxc5 30.bxc5 a6 31.Ra4 Qc6 32.Qc4 Rcb8 33.Qe4 Rc8 34.Qxc6 Rxc6 
35.Rb4 Rac8 36.Kg2 Be7 37.Kf3 Kf8 38.Rb6 Rxb6 39.cxb6 Rxc1 40.Bxc1 Bd6 41.
b7 Ke8 42.Bf4 e5 43.Be3 Bb8 44.Ke4 Kd7 45.Kd5 a5 46.Bd2 1/2-1/2

[Event "10th Vidmar Memorial"]
[Site "Portoroz/Rogaska Slatina SLO"]
[Date "1993.06.??"]
[Round "5.6"]
[White "Mihaljcisin, Adrijan"]
[Black "Hulak, Krunoslav"]
[Result "1-0"]
[WhiteElo "2520"]
[BlackElo "2535"]
[EventDate "1993.06.11"]
[PlyCount "103"]

1.d4 Nf6 2.c4 g6 3.Nc3 Bg7 4.e4 d6 5.Nf3 O-O 6.Be2 e5 7.O-O Nc6 8.Be3 Ng4 
9.Bg5 f6 10.Bc1 f5 11.Bg5 Bf6 12.Bxf6 Nxf6 13.exf5 gxf5 14.dxe5 dxe5 15.
Qxd8 Rxd8 16.Nd5 Ne8 17.Rad1 Kg7 18.Rfe1 Be6 19.Bf1 e4 20.Nh4 Rac8 21.f3 
Nf6 22.Nf4 Kf7 23.g3 Rxd1 24.Rxd1 Re8 25.Nxe6 Rxe6 26.f4 e3 27.Be2 Ne7 28.
Rd3 Rb6 29.b3 Ra6 30.a4 Re6 31.Nf3 h6 32.Ne5+ Kg7 33.Rxe3 Nd7 34.Ng4 Rxe3 
35.Nxe3 Nc5 36.Bd1 a5 37.Bc2 Kf6 38.Kf2 Ne6 39.Nd5+ Nxd5 40.cxd5 Nd4 41.
Bd1 c5 42.dxc6 bxc6 43.Ke3 c5 44.Kd3 Ke6 45.Kc4 Kd6 46.h3 Kc6 47.g4 Ne6 
48.gxf5 Nxf4 49.f6 Ng6 50.Bf3+ Kd6 51.Kb5 Ne5 52.Be2 1-0

[Event "10th Vidmar Memorial"]
[Site "Portoroz/Rogaska Slatina SLO"]
[Date "1993.06.??"]
[Round "6.1"]
[White "Mohr, Georg"]
[Black "Hulak, Krunoslav"]
[Result "0-1"]
[WhiteElo "2435"]
[BlackElo "2535"]
[EventDate "1993.06.11"]
[PlyCount "48"]

1.Nf3 g6 2.e4 c5 3.c3 d5 4.exd5 Qxd5 5.d4 Bg7 6.Be3 cxd4 7.cxd4 Qa5+ 8.Nc3
Nf6 9.Bc4 O-O 10.O-O Nbd7 11.a3 Nb6 12.Ba2 Nbd5 13.Rc1 Be6 14.Qd2 Nxe3 15.
fxe3 Bxa2 16.Nxa2 Qxd2 17.Nxd2 Nd5 18.Rfe1 e5 19.Nf3 e4 20.Nd2 f5 21.Nf1 
f4 22.Rcd1 fxe3 23.Nxe3 Nf4 24.Nf1 Nd3 0-1